Machine design. (Record no. 69319)

000 -LEADER
fixed length control field 00499nam a22001577a 4500
003 - CONTROL NUMBER IDENTIFIER
control field NUST - PNEC
005 - DATE AND TIME OF LATEST TRANSACTION
control field 20170116181116.0
008 - FIXED-LENGTH DATA ELEMENTS--GENERAL INFORMATION
fixed length control field 151004b xxu||||| |||| 00| 0 eng d
040 ## - CATALOGING SOURCE
Transcribing agency LIBRARY
082 ## - DEWEY DECIMAL CLASSIFICATION NUMBER
Classification number 621.81 WIN
100 ## - MAIN ENTRY--PERSONAL NAME
9 (RLIN) 13194
Personal name Winston, Stanton E
245 ## - TITLE STATEMENT
Title Machine design.
Remainder of title A text presenting those fundamentals of theory and analysis which are basic to the field of machine design
Statement of responsibility, etc. Stanton E. Winston
260 ## - PUBLICATION, DISTRIBUTION, ETC.
Date of publication, distribution, etc. 1977
650 ## - SUBJECT ADDED ENTRY--TOPICAL TERM
9 (RLIN) 5574
Topical term or geographic name entry element Machine design
General subdivision ME
942 ## - ADDED ENTRY ELEMENTS (KOHA)
Source of classification or shelving scheme
Koha item type Book
Holdings
Withdrawn status Lost status Source of classification or shelving scheme Damaged status Not for loan Permanent Location Current Location Shelving location Date acquired Total Checkouts Full call number Barcode Date last seen Price effective from Koha item type
          Pakistan Navy Engineering College (PNEC) Pakistan Navy Engineering College (PNEC)       621.81 WIN PNECLIB-008891 10/04/2015   Book
          Pakistan Navy Engineering College (PNEC) Pakistan Navy Engineering College (PNEC)       621.81 WIN PNECLIB-006636 10/14/2015   Book
© 2023 Central Library, National University of Sciences and Technology. All Rights Reserved.